000 01154nam a2200241Ii 4500
003 JO-AjNU
005 20240629141055.0
008 230605s9999||||xx |||||||||||||| ||und||
040 _aJO-AjNU
_bara
_erda
_cJO-AjNU
041 _aara
050 1 4 _aK5572 2019
100 _aالبياتي، عصام خلف محمد
_eمعد
_965828
245 0 0 _aالأسس القانونية في حماية حقوق المدنيين في النزاعات المسلحة غير الدولية = Legal basis in protection the Rights of the Civilians in non-International conflicts
_c/ اعداد عصام خلف محمد البياتي ؛ اشراف طلال ياسين العيسى
264 3 1 _a2019
300 _a116 ورقة
336 _atext
_btxt
_2rdacontent
337 _aunmediated
_bn
_2rdamedia
338 _avolume
_bnc
_2rdacarrier
500 _aرسالة جامعية ( اطروحة ماجستير) جامعة عجلون الوطنية: كلية الحقوق، 2019
650 4 _aحقوق المدنيين- النزاعات المسلحة - القانون
_958945
700 _aالعيسى، طلال ياسين
_964930
_eمشرف
942 _2lcc
_cTHS
999 _c30068
_d30068